000 01364cam a22003133a 4500
001 1241
005 20230821152130.0
008 990615s1999 nyua j 000 1 eng d
020 _a0439070317 (pbk.)
040 _aZAB
_cZAB
_dSLC
_dOCL
_dOCLCQ
_dDLC
_beng
050 0 0 _aPZ7.A6483
082 _aFic
100 1 _aApplegate, Katherine
245 1 4 _aThe conspiracy /
_cK.A. Applegate
260 _aNew York :
_bScholastic,
_c1999.
300 _a139 pages :
_bIllustrations ;
_c20 cm
490 1 _aAnimorphs ;
_vBook 31
500 _a"An Apple paperback."
505 _aN
520 _aAnimorphs RM is an exciting series for young adult readers about five teens who are given the power to morph into any animal they touch and then to absorb its DNA. This power is granted them by a dying Andalite alien named Elfangor, who also warns the teens that Earth is being threatened secretly by a group of aliens called Yeerks. This high-interest series is currently a successful television show and will be sure to intrigue even the most reluctant readers.
521 _a560
_bLexile
521 _aN
_bRaz-Plus
650 0 _aScience fiction.
650 0 _aMetamorphosis
_vJuvenile fiction.
655 7 _aYoung adult fiction.
_2lcsh
655 7 _aFantasy fiction.
_2gsafd
906 _a7
_bcbc
_ccopycat
_d2
_encip
_f19
_gy-genrareb
942 _2ddc
_cBK
_n0
999 _c1241
_d1241